Top 100 joueurs de Rugby 2024 - Statistiques

Statistiques générales
  • Ce quiz a été pris 291 fois
  • Le résultat moyen est 30 sur 100
Statistiques - réponses
Classement Joueur Poste Nationalité % Correct
#1 Antoine Dupont Demi de mêlée 🇫🇷
99%
#2 Cheslin Kolbe Ailier 🇿🇦
80%
#13 Damian Penaud Ailier 🇫🇷
80%
#49 Romain Ntamack Demi d'ouverture 🇫🇷
74%
#74 Thomas Ramos Arrière 🇫🇷
73%
#5 Ardie Savea 3ème ligne 🇳🇿
69%
#11 Beauden Barrett Demi d'ouverture 🇳🇿
69%
#15 Jordie Barrett Centre 🇳🇿
69%
#56 Scott Barrett 2ème ligne 🇳🇿
69%
#31 Peato Mauvaka Talonneur 🇫🇷
67%
#3 Pieter-Steph du Toit 3ème ligne 🇿🇦
66%
#4 Eben Etzebeth 2ème ligne 🇿🇦
65%
#40 Kwagga Smith 3ème ligne 🇿🇦
65%
#17 Marcus Smith Demi d'ouverture 🏴󠁧󠁢󠁥󠁮󠁧󠁿
65%
#58 Louis Bielle-Biarrey Ailier 🇫🇷
64%
#33 Gregory Aldritt 3ème ligne 🇫🇷
62%
#79 Julien Marchand Talonneur 🇫🇷
60%
#9 Jamison Gibson-Park Demi de mêlée 🇮🇪
57%
#43 Charles Ollivon 3ème ligne 🇫🇷
52%
#46 Gael Fickou Centre 🇫🇷
52%
#12 Finn Russell Demi d'ouverture 🏴󠁧󠁢󠁳󠁣󠁴󠁿
49%
#64 Owen Farrell Demi d'ouverture 🏴󠁧󠁢󠁥󠁮󠁧󠁿
48%
#35 Josh Van der Flier 3ème ligne 🇮🇪
47%
#7 Will Jordan Arrière 🇳🇿
46%
#93 Ange Capuozzo Arrière 🇮🇹
45%
#55 Emmanuel Meafou 2ème ligne 🇫🇷
42%
#38 James Lowe Ailier 🇮🇪
42%
#45 Josua Tuisova Centre 🇫🇯
39%
#66 Damian McKenzie Demi d'ouverture 🇳🇿
38%
#28 Bundee Aki Centre 🇮🇪
36%
#21 Maro Itoje 2ème ligne 🏴󠁧󠁢󠁥󠁮󠁧󠁿
36%
#69 Juan Cruz Mallia Arrière 🇦🇷
34%
#39 Siya Kolisi 3ème ligne 🇿🇦
34%
#8 Caelan Doris 3ème ligne 🇮🇪
32%
#65 Duhan Van der Merwe Ailier 🏴󠁧󠁢󠁳󠁣󠁴󠁿
32%
#34 Jack Willis 3ème ligne 🏴󠁧󠁢󠁥󠁮󠁧󠁿
31%
#71 Garry Ringrose Centre 🇮🇪
30%
#27 Handre Pollard Demi d'ouverture 🇿🇦
30%
#24 Andrew Porter Pillier 🇮🇪
29%
#19 Kurt-Lee Arendse Ailier 🇿🇦
27%
#80 Tadhg Furlong Pillier 🇮🇪
27%
#62 Blair Kinghorn Arrière 🏴󠁧󠁢󠁳󠁣󠁴󠁿
25%
#10 Ox Nche Pillier 🇿🇦
25%
#53 Rieko Ioane Centre 🇳🇿
25%
#22 Damian de Allende Centre 🇿🇦
24%
#87 Manie Libbok Demi d'ouverture 🇿🇦
24%
#48 Semi Radradra Centre 🇫🇯
24%
#23 Will Skelton 2ème ligne 🇦🇺
24%
#54 Hugo Keenan Arrière 🇮🇪
23%
#29 Huw Jones Centre 🏴󠁧󠁢󠁳󠁣󠁴󠁿
23%
#6 RG Snyman 2ème ligne 🇿🇦
22%
#70 Levani Botia 3ème ligne 🇫🇯
21%
#88 Marcos Kremer 3ème ligne 🇦🇷
21%
#61 Tommaso Menoncello Centre 🇮🇹
21%
#98 Bongi Mbonambi Talonneur 🇿🇦
20%
#36 Malcom Marx Talonneur 🇿🇦
20%
#97 Mack Hansen Ailier 🇮🇪
19%
#67 Santiago Chocobares Centre 🇦🇷
19%
#84 Davit Niniashvili Ailier 🇬🇪
18%
#37 Mark Tele'a Ailier 🇳🇿
18%
#94 Pablo Matera 3ème ligne 🇦🇷
18%
#59 Richie Mo'unga Demi d'ouverture 🇳🇿
18%
#100 Robbie Henshaw Centre 🇮🇪
18%
#50 Ben Earl 3ème ligne 🏴󠁧󠁢󠁥󠁮󠁧󠁿
17%
#73 Damian Willemse Arrière 🇿🇦
17%
#16 Sione Tuipulotu Centre 🏴󠁧󠁢󠁳󠁣󠁴󠁿
17%
#99 Tomos Williams Demi de mêlée 🏴󠁧󠁢󠁷󠁬󠁳󠁿
16%
#78 Darcy Graham Ailier 🏴󠁧󠁢󠁳󠁣󠁴󠁿
15%
#77 Ellis Genge Pillier 🏴󠁧󠁢󠁥󠁮󠁧󠁿
15%
#18 Tadhg Beirne 2ème ligne 🇮🇪
15%
#63 Jesse Kriel Centre 🇿🇦
14%
#26 Joe McCarthy 2ème ligne 🇮🇪
14%
#14 Wallace Sititi 3ème ligne 🇳🇿
14%
#86 Michele Lamaro 3ème ligne 🇮🇹
13%
#81 Sam Cane 3ème ligne 🇳🇿
13%
#82 Julian Montoya Talonneur 🇦🇷
12%
#85 Caleb Clarke Ailier 🇳🇿
11%
#76 Codie Taylor Talonneur 🇳🇿
11%
#90 Jiuta Wainiqolo Ailier 🇫🇯
11%
#75 Zander Fagerson Pillier 🏴󠁧󠁢󠁳󠁣󠁴󠁿
11%
#72 Cam Roigard Demi de mêlée 🇳🇿
10%
#32 Dan Sheean Talonneur 🇮🇪
10%
#92 Courtney Lawes 3ème ligne 🏴󠁧󠁢󠁥󠁮󠁧󠁿
9%
#52 Rob Valetini 3ème ligne 🇦🇺
9%
#60 Tyrel Lomax Pillier 🇳🇿
9%
#51 Frans Malherbe Pillier 🇿🇦
8%
#20 Immanuel Feyi-Waboso Ailier 🏴󠁧󠁢󠁥󠁮󠁧󠁿
8%
#30 Tom Wright Arrière 🇦🇺
8%
#57 Jac Morgan 3ème ligne 🏴󠁧󠁢󠁷󠁬󠁳󠁿
6%
#25 Juan Martin Gonzalez 3ème ligne 🇦🇷
6%
#44 Tomas Albornoz Demi d'ouverture 🇦🇷
6%
#95 Len Ikitau Centre 🇦🇺
5%
#89 Angus Bell Pillier 🇦🇺
4%
#91 Jasper Wiese 3ème ligne 🇿🇦
4%
#47 Sacha Feinberg-Mngomezulu Demi d'ouverture 🇿🇦
4%
#41 Tupou Vaa'i 2ème ligne 🇳🇿
4%
#42 Fraser McReight 3ème ligne 🇦🇺
3%
#68 Joseph-Aukuso Suaalii Centre 🇦🇺
3%
#83 Dewi Lake Talonneur 🏴󠁧󠁢󠁷󠁬󠁳󠁿
2%
#96 Sebastian Negri da Collegio 3ème ligne 🇮🇹
1%
Aucun quiz correspondant
Distribution des résultats
% des personnes avec chaque résultat
Percentile par nombre de réponses
Votre historique - résultats
Vous n’avez pas pris ce quiz